000 01753cam a22004814i 4500
003 PE-LiUPU
005 20250731173326.0
008 150625s r 000 0 d
020 _a9788481648324
035 _a(Sirsi) i9788481648324
040 _aPE-LiUPU
_bspa
_cPE-LiUPU
_erda
049 _aPRUA
082 0 4 _a225.014
_bP59
_221
100 1 _aPiñero Sáenz, Antonio,
_eautor.
245 1 0 _aGuía para entender el Nuevo Testamento /
_cAntonio Piñero Sáenz.
250 _a2a
264 1 _aMadrid :
_bTrotta,
_c2007.
300 _a565 páginas ;
_c23 centímetros
336 _atext
_2rdacontent
337 _aunmediated
_2rdamedia
338 _avolume
_2rdacarrier
504 _aIncluye bibliografía.
505 0 _aQué es necesario saber para entender el Nuevo Testamento. -Jesús de Nazaret, fundamento del nuevo testamento. -El comienzo de la reinterpretación de Jesús. Pablo de Tarso. -La literatura cristiana después de Pablo. .
526 _aSEG42
526 _aSEG41
526 _aSEG40
526 _aSEG39
526 _aP94
526 _aP87
526 _aP86
526 _aP85
526 _aP77
526 _aP76
526 _aP35
541 _g80861;
630 _aBiblia.
_pN.T.
_xCrítica textual.
910 _bjv
_clch
_d20081024
942 _2ddc
_cBOOK
949 _a225.014 P59
_wDEWEY
_c1
_i58667
_lCCODEBUL1
_mBUL
_p24.00
_r0
_sY
_tBOOK
_u2015-6-25
_xTEOLOGIA
_zUNKNOWN
_0COMPRA
_o.STAFF. Colección General
994 _aC0
_bPEPRU
596 _a1
999 _a225.014 P59
_wDEWEY
_c47548
_i58667
_d47548
_f2021-11-9
_g5
_lCCODEBUL1
_mBUL
_p24.00
_q4
_r0
_sY
_tBOOK
_u2015-6-25
_xTEOLOGIA
_zUNKNOWN
_0COMPRA
_o.STAFF. Colección General
980 _81
_gALBERTO SANCHEZ Responsable de Automatización